Statistics for Tourists to Japan by Nationality

Click here to take the quiz!

General Stats

  • This quiz has been taken 181 times
  • The average score is 13 of 15

Answer Stats

VisitsNationality% Correct
6,372,948China
99%
1,242,702United States
99%
5,090,302South Korea
98%
292,457United Kingdom
92%
445,237Australia
91%
273,211Canada
89%
253,445France
89%
4,167,504Taiwan
88%
270,947Indonesia
87%
233,763Vietnam
85%
901,458Thailand
84%
394,262Malaysia
81%
361,804Singapore
75%
347,860Philippines
74%
1,839,189Hong Kong
26%

Score Distribution

Percentile by Number Answered

Percent of People with Each Score

Your Score History

You have not taken this quiz